| 000 | 00449nam a2200121Ia 4500 | ||
|---|---|---|---|
| 008 | 220620s9999||||xx |||||||||||||| ||und|| | ||
| 100 | _aMartin H. Maurer | ||
| 245 | 0 | _aChild and Adolescent Mental Health | |
| 546 | _aEnglish[eng] | ||
| 650 | _aMedicine||Neurobiology||Mental and Behavioural Disorders and Diseases of the Nervous System||Health Sciences | ||
| 856 | _uhttps://www.intechopen.com/books/child-and-adolescent-mental-health | ||
| 942 | _cEB | ||
| 999 |
_c33407 _d33407 |
||